000 00674nam a2200205Ia 4500
003 OSt
005 20250805144503.0
008 210210b1986 xxu||||| |||| 00| 0 eng d
040 _cAL
041 _aKannada
082 _aK894.9 RAGV
100 _aRAGHAVENDRARAV (Ke).
_dರಾಘವೇಂದ್ರರಾವ್ (ಕೆ)
_9234007
245 _aVruttavilasana dharmaparikshe.
_bವೃತ್ತವಿಲಾಸನ ಧರ್ಮಪರೀಕ್ಷೆ
260 _aMaisuru
_bPrasaranga, Maisuru Vishvavidayanilaya.,
_c1986
300 _axi,166
650 _aVrattavilasa Dharmaparikshe
_9234008
690 _aKannada Criticism
_9234009
906 _aSG04305
942 _2ddc
_cBK
999 _c115355
_d115355